000
00339 a2200157 4500
001
188712
020
_a
978-85-60655-06-9
040
_c
Magnum
100
_a
Sant´anna, Eliana
240
1
0
_a
Xô mosquito ii
_l
por
245
1
0
_a
Xô mosquito ii
300
_a
46
362
0
_a
2009
697
_a
LITERATURA INFANTO-JUVENIL
942
_c
BK
999
_c
188712
_d
188712